| 000 | 00673nam a2200217 a 4500 | ||
|---|---|---|---|
| 001 | 000012714 | ||
| 005 | 20240530073915.0 | ||
| 008 | 091116s2006 dr 000 f spa d | ||
| 020 | _a9945160257 | ||
| 040 |
_aDO-SdBNP _bspa _cBNPHU |
||
| 082 |
_aRD863.44 _bR466b, 2006 |
||
| 100 | 1 |
_aReynoso, Menoscal _941 |
|
| 245 | 1 | 3 |
_aLa barca del silencio : _bnovela / _cMenoscal Reynoso. |
| 250 | _a2a. ed. | ||
| 260 |
_aSanto Domingo : _bBúho, _c2006. |
||
| 300 |
_a207 p. ; _c22 cm. |
||
| 500 | _aIncluye datos biográficos del autor en la solapa de la cubierta | ||
| 590 | _aInventariado, 2019/VM | ||
| 650 | 0 |
_aNovela dominicana _9223 |
|
| 650 | 0 |
_aLiteratura dominicana. _967 |
|
| 999 |
_c12365 _d12365 |
||